• 首页
  • 本馆介绍
  • 公告通知
  • 最新文献
  • 馆藏检索
  • 电子资源
  • 读者导购
  • 参考咨询
  • 我的图书馆
  • 登录
  • 详细信息显示
  • 放入我的书架
  • 预约/预借图书
  • 作者相关作品
  • 分类相关作品
  • 丛书相关作品
  • 出版社相关作品

书目信息

  • 表格格式
  • 工作单格式
  • 卡片格式
题名:
20世纪中国古代文化经典在东南亚的传播与影响
    
 
作者: 白淳 主编
分册:  
出版信息: 郑州   大象出版社  2017
页数: 276页
开本: 25cm
丛书名: 20世纪中国古代文化经典域外传播研究书系
单 册:
中图分类: G125
科图分类:
主题词: 中华文化--zhong hua wen hua--文化传播--国际文化关系--研究--东南亚--20世纪
电子资源:
ISBN: 978-7-5347-8481-1
000 01210nam 2200289 45
001 012001003701
005 20140114093633.0
010    @a978-7-5347-8481-1@dCNY58.00
099    @aCAL 012018047861
100    @a20180428d2017 em y0chiy50 ea
101 0  @achi
102    @aCN@b410000
105    @aak a 001yy
106    @ar
200 1  @a20世纪中国古代文化经典在东南亚的传播与影响@A20 shi ji zhong guo gu dai wen hua jing dian zai dong nan ya de chuan bo yu ying xiang@f白淳主编
210    @a郑州@c大象出版社@d2017
215    @a276页@c图@d25cm
225 2  @a20世纪中国古代文化经典域外传播研究书系@A20 shi ji zhong guo gu dai wen hua jing dian yu wai chuan bo yan jiu shu xi
300    @a国家出版基金项目
320    @a有书目和索引
330    @a本书中的文章主要为20世纪中国文化经典在越南、老挝、柬埔寨、缅甸、泰国等东南亚国家的传播情况,这些文章较好地代表了中国文化经典传播研究的成果和趋势,对弘扬中华传统文化起到推动作用。
410  0 @12001 @a20世纪中国古代文化经典域外传播研究书系
606 0  @a中华文化@Azhong hua wen hua@x文化传播@x国际文化关系@x研究@y东南亚@z20世纪
690    @aG125@v5
701  0 @a白淳@Abai chun@4主编
801    @b江苏凤凰@c20191020
905    @b1236802-7@dG125@e284@f6
    
    20世纪中国古代文化经典在东南亚的传播与影响/白淳主编.-郑州:大象出版社,2017
    276页:图;25cm.-(20世纪中国古代文化经典域外传播研究书系)
    国家出版基金项目
    
    ISBN 978-7-5347-8481-1:CNY58.00
    本书中的文章主要为20世纪中国文化经典在越南、老挝、柬埔寨、缅甸、泰国等东南亚国家的传播情况,这些文章较好地代表了中国文化经典传播研究的成果和趋势,对弘扬中华传统文化起到推动作用。
●
相关链接 在E读中查询图书 在五车中查询图书 在当当中查询图书 在豆瓣中查询图书


正题名:20世纪中国古代文化经典在东南亚的传播与影响     索取号:G125/284         预约/预借

序号 登录号 条形码 馆藏地/架位号 状态 备注
1 1236802   212368025   第一样本阅览室/ [索取号:G125/284] 在馆    
2 1236803   212368034   教育系资料室/ [索取号:G125/284] 在馆    
3 1236804   212368043   教育系资料室/ [索取号:G125/284] 在馆    
4 1236805   212368052   第四借阅区/ [索取号:G125/284] 在馆    
5 1236806   212368061   第四借阅区/ [索取号:G125/284] 在馆    
6 1236807   212368070   第四借阅区/ [索取号:G125/284] 在馆    
唐山师范学院图书馆 欢迎您!
大连网信软件有限公司© 版权所有